000 00558nam a2200181Ia 4500
008 090123s9999 xx 000 0 und d
082 _b6484
_a891.463/गांगल
100 _aगांगल वसंत
245 _aमन पिसाट माझे
250 _a1
260 _bरंजना प्रकाशन
300 _a324
600 _aगांगल वसंत
630 _aमन पिसाट माझे
700 _aगांगल वसंत
730 _aमन पिसाट माझे
942 _cBOOK
999 _c44549
_d44549